Normal view
MARC view
- Wilson, John R.,
Entry Personal Name
001 - CONTROL NUMBER
- control field: 2303
003 - CONTROL NUMBER IDENTIFIER
- control field: NUST
005 - DATE AND TIME OF LATEST TRANSACTION
- control field: 20170608123524.0
008 - FIXED-LENGTH DATA ELEMENTS
- fixed length control field: 170608|| aca||aabn | a|a d
040 ## - CATALOGING SOURCE
- Original cataloging agency: NUST
- Transcribing agency: NUST
100 ## - HEADING--PERSONAL NAME
- Personal name: Wilson, John R.,
- Dates associated with a name: 1951-
670 ## - SOURCE DATA FOUND
- Source citation: Work cat.: (NUST)23760: Edited by John R. Wilson And Nigel Corlett 2300, Evaluation of human work /, c.2005.
